Statistics for Beatles Lyrics with No Hints (3)

Click here to take the quiz!

General Stats

  • This quiz has been taken 174 times
  • The average score is 119 of 192

Answer Stats

Answer% Correct
I
99%
a
96%
the
94%
You
94%
you
94%
me
89%
and
85%
And
85%
to
85%
in
81%
We
81%
we
81%
be
80%
my
80%
When
80%
when
80%
your
80%
When
76%
if
74%
If
74%
on
71%
can
69%
go
69%
of
69%
I'm
68%
will
68%
Will
68%
for
66%
get
64%
need
64%
from
63%
say
63%
are
62%
too
62%
now
61%
still
60%
with
60%
64
58%
hair
58%
Many
58%
could
57%
not
56%
older
56%
years
56%
what
55%
it's
54%
losing
54%
You'll
54%
feed
53%
out
53%
Would
52%
by
51%
word
51%
valentine
50%
Mine
49%
Send
49%
bottle
48%
sending
48%
wine
48%
birthday
46%
stay
46%
Who
46%
greetings
45%
away
44%
door
44%
Every
44%
Give
44%
gone
44%
I'd
44%
knee
44%
lock
43%
more
42%
Grandchildren
41%
mean
41%
quarter
41%
three
41%
Dave
39%
line
39%
postcard
39%
ride
39%
Yours
39%
ask
38%
been
38%
lights
38%
shall
38%
Vera
38%
drop
37%
point
37%
save
37%
sincerely
37%
view
37%
Chuck
36%
dear
35%
fuse
35%
handy
35%
Isle
35%
mending
35%
stating
35%
wasting
35%
cottage
34%
knit
34%
rent
34%
answer
33%
fireside
33%
sweater
33%
Sunday
32%
Wight
32%
precisely
31%
summer
31%
garden
30%
Indicate
30%
scrimp
30%
Doing
29%
evermore
29%
weeds
27%
digging
26%
form
26%
fill
25%
mornings
25%

Score Distribution

Percentile by Number Answered

Percent of People with Each Score

Your Score History

You have not taken this quiz